Normal view
MARC view
- Vohra, Neharika
Entry Personal Name
001 - CONTROL NUMBER
- control field: 124096
003 - CONTROL NUMBER IDENTIFIER
- control field: NUST
005 - DATE AND TIME OF LATEST TRANSACTION
- control field: 20240705170735.0
008 - FIXED-LENGTH DATA ELEMENTS
- fixed length control field: 240705|| aca||aabn | a|a d
040 ## - CATALOGING SOURCE
- Original cataloging agency: NUST
- Transcribing agency: NUST
100 ## - HEADING--PERSONAL NAME
- Personal name: Vohra, Neharika
670 ## - SOURCE DATA FOUND
- Source citation: Work cat.: (NUST): Vohra, Neharika, Management, 2010.
